Αγιογραφία και αγιογράφοι Χιονιάδων

Αποθηκεύτηκε σε:
Λεπτομέρειες βιβλιογραφικής εγγραφής
Κύριος συγγραφέας: Παΐσιος, Γεώργιος
Μορφή: Βιβλίο
Γλώσσα:Greek
Δημοσίευση: [Ιωάννινα;] : Ηπειρωτική Εστία, 1960
Θέματα:
Ετικέτες: Προσθήκη ετικέτας
Δεν υπάρχουν, Καταχωρήστε ετικέτα πρώτοι!

MARC

LEADER 00000cam a2200000 i 4500
001 1/91495
008 080725s1960 gre d
035 |l 10099198 
040 |a GR-MY-UA  |b gre  |e aacr 
041 0 |a gre 
082 0 |a 235.2  |2 (22) 
100 1 |a Παΐσιος, Γεώργιος. 
245 1 0 |a Αγιογραφία και αγιογράφοι Χιονιάδων /  |c Γεωργίου Παΐσιου 
260 |a [Ιωάννινα;] :   |b Ηπειρωτική Εστία,   |c 1960 
300 |a 142 σ.;  |b φωτ.;  |c 24 εκ. 
504 |a Βιβλιογραφία: σ. 142 
650 0 0 |a Mural painting and decoration  |z Greece  |z Ioannina (Nome) 
650 0 0 |a Hagiography. 
650 0 0 |a Christian saints in art. 
852 |a INST  |b RHODES  |c AKA  |e 20080725  |h  235.2 ΠΑΙ  |p 005400027644  |q 005400027644  |t BK  |y 0 
901 |a BIBL4-2008-2 
909 |a Ρ  |b 150859 
970 |a ΧΑΡΙΟΠΟΛΙΤΟΥ  |b ΚΩΝΣΤΑΝΤΙΝΑ  |z 2008/07/25